[Event "Varazdinske Toplice op"]
[Site "Varazdinske Toplice"]
[Date "2022.12.26"]
[Round "2"]
[White "Hanjs, Vladimir"]
[Black "Hostnjak, Hrvoje"]
[Result "1-0"]
[WhiteElo "1707"]
[BlackElo "1954"]
[PlyCount "58"]
[EventDate "2022.12.26"]
[EventType "swiss"]
[EventRounds "9"]
[EventCountry "CRO"]
[SourceTitle "CBM 211 Extra"]
[Source "ChessBase"]
[SourceDate "2023.01.31"]
[SourceVersion "1"]
[SourceVersionDate "2023.01.31"]
[SourceQuality "1"]

1. e4 c6 2. d4 d5 3. Nc3 dxe4 4. Nxe4 Nf6 5. Nxf6+ exf6 6. Nf3 Bd6 7. Be2 0-0 8. 0-0 Re8 9. Re1 Bf5 10. Be3 Nd7 11. c3 Qc7 12. h3 Rad8 13. Bd3 Bg6 14. Bxg6 hxg6 15. Qd2 Nb6 16. b3 f5 17. Qc2 f4 18. Bd2 c5 19. Rxe8+ Rxe8 20. Re1 Rxe1+ 21. Bxe1 Qe7 22. Qd3 cxd4 23. Qxd4 Bc5 24. Qxf4 Nd5 25. Qb8+ Kh7 26. c4 Nf6 27. Ng5+ Kh6 28. Bd2 Ne8 29. Qf4 f6 1-0

[Event "Varazdinske Toplice op"]
[Site "Varazdinske Toplice"]
[Date "2022.12.26"]
[Round "3"]
[White "Hostnjak, Hrvoje"]
[Black "Petrus, Adrian"]
[Result "1-0"]
[WhiteElo "1954"]
[BlackElo "1743"]
[PlyCount "87"]
[EventDate "2022.12.26"]
[EventType "swiss"]
[EventRounds "9"]
[EventCountry "CRO"]
[SourceTitle "CBM 211 Extra"]
[Source "ChessBase"]
[SourceDate "2023.01.31"]
[SourceVersion "1"]
[SourceVersionDate "2023.01.31"]
[SourceQuality "1"]

1. Nc3 Nf6 2. e4 d5 3. exd5 Nxd5 4. Nxd5 Qxd5 5. Nf3 e5 6. Qe2 Bd6 7. Qb5+ c6 8. Qxd5 cxd5 9. d4 e4 10. Nd2 Nc6 11. c3 0-0 12. Bb5 f5 13. 0-0 Be6 14. f4 h6 15. Nb3 a6 16. Be2 b6 17. Be3 Kh7 18. Kh1 Be7 19. Rg1 g5 20. Raf1 g4 21. g3 Kg6 22. Kg2 Rh8 23. Rh1 h5 24. Rc1 Rac8 25. Nd2 Nb8 26. b3 b5 27. c4 bxc4 28. bxc4 dxc4 29. Bxc4 Bxc4 30. Nxc4 Rhd8 31. Rc2 Bf6 32. Rhc1 Kg7 33. Ne5 Rxc2+ 34. Rxc2 Bxe5 35. fxe5 Kf7 36. Kf2 Ke6 37. Rc4 Rd5 38. Bg5 Rb5 39. Rc2 Kd5 40. Ke3 Nc6 41. e6 Rb8 42. Rc5+ Kd6 43. Bf4+ Kxe6 44. Rxc6+ 1-0

[Event "Varazdinske Toplice op"]
[Site "Varazdinske Toplice"]
[Date "2022.12.26"]
[Round "5"]
[White "Hostnjak, Hrvoje"]
[Black "Segovic, Goran"]
[Result "0-1"]
[WhiteElo "1954"]
[BlackElo "2256"]
[PlyCount "66"]
[EventDate "2022.12.26"]
[EventType "swiss"]
[EventRounds "9"]
[EventCountry "CRO"]
[SourceTitle "CBM 211 Extra"]
[Source "ChessBase"]
[SourceDate "2023.01.31"]
[SourceVersion "1"]
[SourceVersionDate "2023.01.31"]
[SourceQuality "1"]

1. e4 e5 2. Nc3 Nf6 3. f4 d5 4. fxe5 Nxe4 5. Qf3 f5 6. d3 Nxc3 7. bxc3 d4 8. Bd2 Nc6 9. Qg3 g6 10. Nf3 dxc3 11. Bxc3 Bb4 12. Bxb4 Nxb4 13. Kd2 Be6 14. Ng5 Qd7 15. a3 Nc6 16. Be2 0-0-0 17. Rhb1 Nd4 18. Bf3 c6 19. Be2 h6 20. Nf3 g5 21. Nxd4 Qxd4 22. Qe3 Qxe3+ 23. Kxe3 f4+ 24. Ke4 Bd5+ 25. Kf5 Bxg2 26. Bg4 h5 27. Be2 f3 28. Bd1 g4 29. Rb4 Rhf8+ 30. Kg5 f2 31. Be2 Rd7 32. e6 Rg7+ 33. Kxh5 Rh8# 0-1

[Event "Varazdinske Toplice op"]
[Site "Varazdinske Toplice"]
[Date "2022.12.26"]
[Round "8"]
[White "Kovacek, Pavlo"]
[Black "Hostnjak, Hrvoje"]
[Result "0-1"]
[WhiteElo "1697"]
[BlackElo "1954"]
[PlyCount "160"]
[EventDate "2022.12.26"]
[EventType "swiss"]
[EventRounds "9"]
[EventCountry "CRO"]
[SourceTitle "CBM 211 Extra"]
[Source "ChessBase"]
[SourceDate "2023.01.31"]
[SourceVersion "1"]
[SourceVersionDate "2023.01.31"]
[SourceQuality "1"]

1. Nf3 d5 2. c4 c6 3. d4 Nf6 4. g3 Bf5 5. Bg2 e6 6. 0-0 Bd6 7. Nc3 0-0 8. Re1 Ne4 9. Nh4 Nd7 10. Nxe4 Bxe4 11. f3 Bg6 12. Nxg6 hxg6 13. f4 f5 14. Qb3 Qb6 15. Qd3 Bb4 16. c5 Qd8 17. Rf1 Nf6 18. a3 Ba5 19. b4 Bc7 20. a4 a6 21. Bd2 Qd7 22. Bf3 Ne4 23. Rab1 Qe7 24. Qe3 Bd8 25. Kg2 Kf7 26. Rh1 Rh8 27. h4 Bc7 28. Bxe4 dxe4 29. Bc3 Qd7 30. d5 exd5 31. Qd4 Rh7 32. h5 gxh5 33. Rh3 Qe6 34. Rbh1 g6 35. Rb1 e3 36. Rb3 Re8 37. Bb2 Qe4+ 38. Qxe4 Rxe4 39. Kf3 Ke6 40. Rxe3 Re7 41. Rxe4+ dxe4+ 42. Ke3 Rd7 43. Rh1 b6 44. Bd4 b5 45. axb5 axb5 46. Ra1 Kd5 47. Ra6 h4 48. gxh4 Bd8 49. Be5 Bxh4 50. Ra1 g5 51. fxg5 Kxe5 52. g6 Bg5+ 53. Kf2 e3+ 54. Kf3 Rd4 55. Rh1 Rf4+ 56. Kg3 Rg4+ 57. Kf3 Kf6 58. Rh7 Kxg6 59. Rc7 Kh5 60. Rxc6 Rg1 61. Rc8 Rf1+ 62. Kg2 Rf2+ 63. Kg3 f4+ 64. Kh3 Kg6 65. Rc6+ Kf5 66. Rc7 Ke4 67. Re7+ Kd5 68. Rd7+ Kc4 69. Rg7 Bf6 70. Rg6 Be5 71. Kg4 Rxe2 72. Kf5 f3 73. Kxe5 f2 74. Rf6 Re1 75. Rf4+ Kb3 76. Rf3 f1Q 77. Rxf1 Rxf1 78. c6 Rc1 79. c7 Rxc7 80. Ke4 Re7+ 0-1

[Event "CRO Topla Voda Cup"]
[Site "Tuhovec"]
[Date "2022.08.06"]
[Round "4.2"]
[White "Hostnjak, Hrvoje"]
[Black "Drzaic, Matej"]
[Result "1-0"]
[WhiteElo "1876"]
[BlackElo "1418"]
[PlyCount "73"]
[EventDate "2022.08.06"]
[EventType "team-tourn (blitz)"]
[EventRounds "11"]
[EventCountry "CRO"]
[SourceTitle "CBM 209 Extra"]
[Source "ChessBase"]
[SourceDate "2022.09.30"]
[SourceVersion "1"]
[SourceVersionDate "2022.09.30"]
[SourceQuality "1"]
[WhiteTeam "Var Toplice Mladost"]
[BlackTeam "Ivanec"]
[WhiteTeamCountry "CRO"]
[BlackTeamCountry "CRO"]

1. e4 c5 2. Be2 d6 3. d3 Nc6 4. f4 g6 5. c3 Bg7 6. Be3 Qb6 7. Qc2 e6 8. Na3 Nge7 9. Nf3 Bd7 10. 0-0 Rc8 11. Nc4 Qc7 12. Na3 a6 13. Rae1 0-0 14. Qd2 b6 15. d4 cxd4 16. cxd4 Qb7 17. Nc4 Qc7 18. Rc1 d5 19. Nce5 dxe4 20. Ng5 b5 21. Nxe4 Qb7 22. Nc5 Qa7 23. Ncxd7 Nxe5 24. Nxe5 Bxe5 25. dxe5 Qb8 26. Bc5 Rfd8 27. Bd6 Qb6+ 28. Kh1 Nd5 29. Bf3 Rxd6 30. exd6 Rxc1 31. Rxc1 Qxd6 32. Bxd5 exd5 33. Rc8+ Kg7 34. Qd4+ Kh6 35. Rc3 Qe6 36. Rh3+ Qxh3 37. gxh3 1-0

[Event "CRO Topla Voda Cup"]
[Site "Tuhovec"]
[Date "2022.08.06"]
[Round "6.2"]
[White "Hostnjak, Hrvoje"]
[Black "Kozjak, Nino"]
[Result "1-0"]
[WhiteElo "1876"]
[BlackElo "1803"]
[PlyCount "67"]
[EventDate "2022.08.06"]
[EventType "team-tourn (blitz)"]
[EventRounds "11"]
[EventCountry "CRO"]
[SourceTitle "CBM 209 Extra"]
[Source "ChessBase"]
[SourceDate "2022.09.30"]
[SourceVersion "1"]
[SourceVersionDate "2022.09.30"]
[SourceQuality "1"]
[WhiteTeam "Var Toplice Mladost"]
[BlackTeam "Strahoninec"]
[WhiteTeamCountry "CRO"]
[BlackTeamCountry "CRO"]

1. e4 e6 2. d3 d5 3. Nd2 Nf6 4. g3 dxe4 5. dxe4 Nc6 6. Bg2 Be7 7. c3 0-0 8. Qe2 Ne5 9. Ngf3 Nd3+ 10. Kf1 Bc5 11. Nd4 Nxc1 12. Rxc1 Bxd4 13. cxd4 Qxd4 14. Nb3 Qb6 15. Bf3 Bd7 16. Kg2 Bc6 17. h4 Rfd8 18. h5 h6 19. g4 Rd7 20. g5 hxg5 21. h6 g6 22. e5 Bxf3+ 23. Qxf3 Nh7 24. Nc5 Rd5 25. Ne4 Rxe5 26. Nf6+ Kh8 27. Nxh7 Rf5 28. Qc3+ e5 29. Qd2 Kxh7 30. Rc2 c6 31. Rd1 Re8 32. Qd7 Rf8 33. Qe7 Qb4 34. Qxb4 1-0

[Event "CRO-chT U16 29th"]
[Site "Sesvete"]
[Date "2020.06.20"]
[Round "1.1"]
[White "Zadro, Matej"]
[Black "Hostnjak, Hrvoje"]
[Result "1/2-1/2"]
[WhiteElo "1661"]
[BlackElo "1591"]
[PlyCount "59"]
[EventDate "2020.06.20"]
[EventType "team-tourn"]
[EventRounds "9"]
[EventCountry "CRO"]
[SourceTitle "EXT 2021"]
[Source "ChessBase"]
[SourceDate "2020.10.23"]
[SourceVersion "1"]
[SourceVersionDate "2020.10.23"]
[SourceQuality "1"]
[WhiteTeam "Koprivnica"]
[BlackTeam "Varazdinske Toplice"]
[WhiteTeamCountry "CRO"]
[BlackTeamCountry "CRO"]

1. e4 e5 2. Nf3 Nc6 3. Bb5 a6 4. Ba4 b5 5. Bb3 Bc5 6. d3 h6 7. Bxf7+ Kxf7 8. Nxe5+ Nxe5 9. Qh5+ Kf8 10. Qxe5 Bd6 11. Qc3 Qe7 12. 0-0 Bb7 13. Be3 Nf6 14. Nd2 Rc8 15. f4 Bb4 16. Qe5 h5 17. Nb3 Ng4 18. Qf5+ Kg8 19. Bc5 Bxc5+ 20. Qxc5 d6 21. Qa7 Bxe4 22. dxe4 Qh4 23. h3 Qg3 24. Rf3 Qh2+ 25. Kf1 Qh1+ 26. Qg1 Nh2+ 27. Kf2 Qxg1+ 28. Rxg1 Nxf3 29. gxf3 Kf7 30. Nd4 1/2-1/2